| 000 -LEADER |
| fixed length control field |
00532nam a2200169Ia 4500 |
| 001 - CONTROL NUMBER |
| control field |
20499 |
| 003 - CONTROL NUMBER IDENTIFIER |
| control field |
GE_BSU |
| 008 - FIXED-LENGTH DATA ELEMENTS--GENERAL INFORMATION |
| fixed length control field |
181216s||||||||xx |||||||||||||| ||und|| |
| 040 ## - CATALOGING SOURCE |
| Transcribing agency |
GE_BSU |
| 080 ## - UNIVERSAL DECIMAL CLASSIFICATION NUMBER |
| Universal Decimal Classification number |
02 |
| 245 ## - TITLE STATEMENT |
| Title |
Инновационные формы комплектования библиотек |
| 300 ## - PHYSICAL DESCRIPTION |
| Extent |
10 стр.30см. |
| 653 ## - INDEX TERM--UNCONTROLLED |
| Uncontrolled term |
Инновационные формы комплектования библиотек |
| 653 ## - INDEX TERM--UNCONTROLLED |
| Uncontrolled term |
პროფესიული |
| 653 ## - INDEX TERM--UNCONTROLLED |
| Uncontrolled term |
ქსეროქსი |
| 942 ## - ADDED ENTRY ELEMENTS (KOHA) |
| Koha item type |
წიგნი |